|
|
|
|
| LEADER |
00000nab a2200000ua 4500 |
| 001 |
vtls010829550 |
| 003 |
SK-MaSNL |
| 005 |
20260303144420.0 |
| 008 |
230222s2002 xo |||||||||||||||||slo| |
| 035 |
|
|
|a (urnnbn)urn:nbn:sk:snk:ar-a06fuv
|
| 035 |
|
|
|a urn:nbn:sk:snk-ab5uvt
|
| 035 |
|
|
|a (uuid)f066070c-342d-4930-984a-808743b8bbd7
|
| 040 |
|
|
|a SNKBUCL
|b slo
|c SNKBUCL
|e AACR2
|
| 041 |
0 |
|
|a slo
|
| 044 |
|
|
|a xo
|c SK
|
| 100 |
1 |
|
|a Benčíková, Jana
|4 aut
|9 1165893
|
| 245 |
1 |
0 |
|a Edukačný plán psychofyzickej prípravy na pôrod
|c Jana Benčíková, Martina Bašková
|
| 700 |
1 |
|
|a Bašková, Martina,
|d 1972-
|4 aut
|9 21037
|
| 773 |
0 |
|
|t Sestra : odborný mesačník pre ošetrovateľstvo
|g Roč. 1, č. 1 (2002), s. 16-17
|
| 954 |
|
|
|a odborná, vedecká literatúra pôvodná (slovenská)
|2 lita
|
| 958 |
|
|
|a OND
|
| 958 |
|
|
|a EUIPO
|
| 958 |
|
|
|a article5
|
| 999 |
|
|
|c 1997304
|d 1999234
|